000 02604nam a2200193 a 4500
001 000048325
005 20201002061055.0
008 190130s2016 dr ab 000 0 spa d
020 _a9789945597110
040 _aDO-SdBNP
_bspa
_cBNPHU
082 _axxxxx
_bR466c
100 1 _aReynoso Sánchez, Gilberto
_975746
245 1 0 _aContraste de la disponibilidad y demanda de agua por provincia :
_bsituación actual y retos futuros /
_cGilberto Reynoso Sánchez.
260 _aSanto Domingo :
_bBanreservas,
_bAmigo del Hogar,
_c2016.
300 _a108 p. :
_bil., mapas ;
_c28 cm.
504 _aBibliografía : p. 107-108
505 0 _aPrefacio --
_tResumen ejecutivo --
_tIntroducción --
_tEl agua y la vida --
_tSimbolismo del agua --
_tMarco físico para el aprovechamiento de los recursos hídricos de la República Dominicana --
_tClimatología --
_tTemperatura --
_tEvaporación --
_tRadiación solar --
_tPrecipitación --
_tGeología --
_tEdafología --
_tHidrografía --
_tPoblación y turismo --
_tRiego e hidroelectricidad, e industria --
_tEl ciclo hidrológico --
_tRecursos hídricos nacionales --
_tEscorrentía superficial --
_tEscorrentía subterránea --
_tDisponibiblidad general de recursos hídricos --
_tCalidad del agua --
_tUsos del agua --
_tAgua y agricultura --
_tAgua para abastecimiento humano --
_tDemanda ambiental --
_tResumen general de la demanda de agua a nivel nacional --
_tContraste de la disponibilidad y demanda de agua por provinncia --
_tLa importancia del balance de agua a nivel providencial --
_tDisponibilidad de agua a nivel de provincia --
_tDemanda de agua --
_tContraste entre disponibilidad y demanda de agua por provinncia --
_tProvincias de la Región Yaque del Sur --
_tProvincias de la Región Ozama Nizao --
_tProvincias de la Región Este --
_tProvincias de la Región Atlántica --
_tProvincias de la Región Yuna - Camú --
_tProvincias de la Región Yaque del Norte --
_tMapas índice de escacasez hídricas --
_tMapas índice de tensión hídrica --
_tAnálisis de problemas que afectan los recursos hídricos nacionales --
_tEl problema global del agua en el país --
_tLa contaminación de las fuentes de aguas --
_tEficiencia del uso del agua --
_tGestión integrada del recursos hídricos --
_tUso de las tierra: deforestación y degradación del suelo --
_tImpactos significativos relacionados con los recursos hídricos --
_tSequías e inundaciones --
_tEfectos del cambio clímatico --
_tCaracterísticas generales de los recursos hídricos en las provincias
_tCondiciones generales de los recursos hídricos --
_tConclusiones y recomendaciones --
_tAnexo.
590 _aInventariado, 2019/LP
999 _c47813
_d47813